Quizzes
Events
Quiz Creation
Community
Videos
Private Events
Remove Ads
Sign In
Join for FREE
Feedback
Dark Mode
Quiz Categories
Sports
Geography
Music
Movies
Television
Just For Fun
Miscellaneous
History
Literature
Language
Science
Gaming
Entertainment
Religion
Holiday
For Kids
Quiz Lab
Recent
Popular Today
Quiz Kudos Today
Editor Picks
Curator Picks
Quizzes by...
Day
Popularity
Type
Ratings
Length
Year
Community
Subscriptions
Recent Discussions
Orange Saloon
Badges
Playlists
Quests
Create
Leaderboards
Showdown
Live 5
Trivia Bingo
Activity
Puzzle Library
Sporcle Events
Private Events
Virtual Trivia
Globe League
Become a Host
Pub Owners
SporcleCon
Opinionation
Our Games
Videos
Blog
Mobile Apps
Partnerships
Remove Ads and Go Orange
Feedback
Sports
Athletes
MLB
NBA
NHL
NFL
Soccer
Sports Teams
WWE
NCAA
Football
Premier League
Basketball
Baseball
Hockey
Golf
Tennis
Cricket
Rugby
Auto Racing
Olympics
World Cup
Sports
Athletes
MLB
NBA
NHL
NFL
Soccer
Sports Teams
WWE
NCAA
Football
Premier League
Basketball
Baseball
Hockey
Golf
Tennis
Cricket
Rugby
Auto Racing
Olympics
World Cup
Random Quiz
Search Sporcle
×
Quiz Lab
Quiz Lab
Sports
Auto Racing
Type in answers that appear in a list
Type in answers that appear in a list
Classic
Best Score? Go Orange.
Can You name the '09 NASCAR drivers? Stats
Can you name the Can You name the '09 NASCAR drivers??
By
colemalony
10m
36 Questions
266 Plays
266 Plays
266 Plays
Comments
Comments
Give Quiz Kudos
Give Quiz Kudos
-
- Ratings
hide this ad
Replay
Link that replays current quiz
Next Quiz
Link to next quiz in quiz playlist
You Got
0%
They Got
Avg Score
76%
Avg Friend Score
Upgrade to see
Score Distribution
Jump to the score distribution portion of the page
Score
0/36
Timer
10:00
0
Plays Today
Sponsor and Number
Driver
% Correct
# 2 Miller Light Dodge
Kurt Busch
94.4%
#14 Office Depot/
Old Spice Chevy
Tony Stewart
93.2%
#24 DUPONT Chevy
Jeff Gordon
93.2%
#18 M&Ms/
Snickers Toyota
Kyle Busch
91.4%
#5 Kelloggs/
Carquest Chevy
Mark Martin
90.2%
#48 Lowes/
Kobalt Tools Chevy
Jimmie Johnson
89.5%
#17 DeWALT Ford
Matt Kenseth
89.1%
#11 FedEx Toyota
Denny Hamlin
88.3%
#9 Budweiser Dodge
Kasey Kahne
86.8%
#88 AMP Energy/
National Guard Chevy
Dale Earnhardt Jr.
86.8%
#99 Aflac Ford
Carl Edwards
86.5%
#1 Bass Pro Shops/
tracker Boats Chevy
Martin Truex Jr.
84.6%
#39 Army/
Haas Innovation Chevy
Ryan Newman
84.6%
#42 Target Chevy
Juan Pablo Montoya
83.8%
#20 Home Depot Toyota
Joey Logano
83.1%
#16 3M Ford
Greg Biffle
82.7%
#31 CAT Chevy
Jeff Burton
82.3%
#33 Cheerios/
Hamburger Helper Chevy
Clint Bowyer
80.8%
Sponsor and Number
Driver
% Correct
#55 NAPA Autoparts Toyota
Michael Waltrip
79.7%
#26 Irwin Tools/
crown royal Ford
Jamie McMurray
78.9%
#6 UPS Ford
David Ragan
77.4%
#83 Red Bull Toyota
Brian Vickers
76.3%
#98 Menard's Ford
Paul Menard
76.3%
#7 Jim Beam Toyota
Robby Gordon
72.9%
# 00 Aarons Dream Machine Toyota
David Reutimann
72.6%
#96 Ask.com Ford
Bobby Labonte
69.5%
#09 Miccosukee Chevy
Brad Keselowski
65.4%
#82 Red Bull Toyota
Scott Speed
65%
#44 Hunt Brothers/
Valvoline Dodge
AJ Allmendinger
63.5%
#19 Best Buy Dodge
Elliott Sadler
63.2%
#07 Jack Daniels Chevy
Casey Mears
62.8%
#77 Mobil1 Dodge
Sam Hornish Jr.
62.8%
#47 Little Debbie Toyota
Marcos Ambrose
60.5%
#43 Air Force/
McDonalds Dodge
Reed Sorenson
45.1%
#12 Penske Racing Dodge
David Stremme
42.9%
#71 TRG MOTORSPORTS Chevy
David Gilliland
30.5%
Quiz Playlist
Details
Report
Send in Message
Add To Playlist
Classic:
Type in answers that appear in a list
Last Updated: Feb 16, 2017
Quiz Scoreboard
CHALLENGE
Sign Up to Join the Scoreboard
Show All
Scores
Hide
Comments
May contain spoilers
Recently Published
An Introduction to Baseball
by treessimontrees
Sports
5m
Movies - When Are They Set?
by FPL_Elf
Movies
5m
Popular People in 1961
by mucciniale
History
6m
More to Explore
Quiz From the Vault
Featured Blog Post
Where Did the Easter Bunny Come From?
hide this ad
You Might Also Like...
Tags
Auto Racing Quiz
Numbers Quiz
Driver
NASCAR
sponsor
Today's Top Quizzes in Sports
Browse Sports
hide this ad
Today's Top Quizzes in Auto Racing
Browse Auto Racing
Top Contributed Quizzes in Sports
1
Les meilleurs buteurs des matchs entre le PSG et l’OM
2
2022 World Cup Stars
3
FIFA Club World Cup Champions
4
Les entraîneurs de l'OM et du PSG au 21e siècle
5
Name the Premier League winners with different clubs
6
La finale Lions - Afrique du Sud 2021
7
Les joueurs passés par le LOSC et le RC Lens
8
Criteria MLB: Left Handed Sluggers
9
Players with Multiple 50 Home Run Seasons
10
5-to-1: UK Sports Teams
Explore More
Trending Topics
Anime
Disney
Kpop
Harry Potter
Crossword
Marvel
NBA
Pokémon
Puzzle
Country
Song
WWE
Soccer
NFL
The Office
hide this ad
More By:
colemalony
Quiz
Plays
Rating
Category
Featured
Created
Can You name the '09 NASCAR drivers?
266
3.17
Sports
Oct 25, 2009
SEC Stadiums
162
5.00
Sports
Oct 29, 2009
'10 Mississippi State basketball players
81
3.33
Sports
Feb 9, 2010
Go to Creator's Profile
Score Distribution
Quiz Creator Spotlight
colemalony
Follow
Send a Message
Quizzes Created
-
Created Quiz Play Count
-
More By This Creator
Popular Quizzes Today
1
Find the Countries of Europe - No Outlines Minefield
2
Find the US States - No Outlines Minefield
3
The Countries of the World
4
Popular People in 1961
5
US States
6
Find the US States
7
1-10 Letter E Words III
8
Risky Map Clicking: Biggest States A-Z
More Sports Quizzes
2010s Top Scorers: Washington Wizards
Published
Trending Quizzes
Risky Map Clicking: Least Populous States A-Z
1-10 Letter F Words
1-10 Letter G Words
One Thing in Common: United Kingdom
Risky Map Clicking: Next State Alphabetically
Recently Updated
Leaping Animals
pecheneg
Reality TV Shows (A-Z)
bhenderson79
Rickey Henderson's Hall of Fame Teammates
pecheneg
Champions League XIs: Arsenal
pecheneg
Quick Pick: Celebrities in WWE's Hall of Fame
aduchscher
A-Z Keypad Blitz II
pecheneg
Multiple Oscar Actors
pecheneg
Mystery Phrase Blitz: Oscar 'Best Actors'
pecheneg
F. Scott Fitzgerald Novels
LTH
Pick 3 Villains
ddd62291
Trending Topics
Anime
Harry Potter
Marvel
Disney
NBA
Kpop
Crossword
Puzzle
Pokémon
NFL
Song
WWE
Country
The Office
Soccer
Your Account Isn't Verified!
In order to create a playlist on Sporcle, you need to verify the email address you used during registration. Go to your
Sporcle Settings
to finish the process.
Report this User
Report this user for behavior that violates our
Community Guidelines
.
Details:
Send Report
Go to the Sporcle.com Mobile Site →
Comments